KOHA-Header-6

Designing and Building Parallel P rogams (Record no. 6690)

000 -LEADER
fixed length control field 00271nam a2200109Ia 4500
100 ## - MAIN ENTRY--AUTHOR NAME
Personal name Foster, IAN.T
245 #0 - TITLE STATEMENT
Title Designing and Building Parallel P rogams
260 ## - PUBLICATION, DISTRIBUTION, ETC. (IMPRINT)
Place of publication New York
Name of publisher CRC
Year of publication 1995
300 ## - PHYSICAL DESCRIPTION
Number of Pages 379
942 ## - ADDED ENTRY ELEMENTS (KOHA)
Koha item type Books
Holdings
Withdrawn status Lost status Collection code Permanent Location Current Location Shelving location Date acquired Full call number Accession Number Koha item type
    Computer Science MAJU MAJU   2019-09-11 005.2 93 Computer Science

Powered by Koha